| 000 | 00496 a2200145 4500 | ||
|---|---|---|---|
| 020 | _a8179923819 (hardcover) | ||
| 020 | _a9788179923818 (hardcover) | ||
| 090 |
_c5225 _d5225 |
||
| 100 | 1 | _aClutterbuck, David. | |
| 245 | 1 | 4 |
_aThe hr guide to organizational change / _cDavid Clutterbuck. |
| 260 |
_a[S.l.] : _bJaico Publishing House, _c2005. |
||
| 300 |
_a208 p. ; _c25 cm. |
||
| 856 | 4 | 0 |
_3Amazon.com _uhttp://www.amazon.com/exec/obidos/ASIN/8179923819/chopaconline-20 |
| 942 |
_aNBS _cBK _k658.4 CLU |
||
| 999 |
_c347643 _d347643 |
||